Memorias del general gregorio araoz de la madrid. tomo 1 /
Guardado en:
| Autor Principal: | |
|---|---|
| Formato: | Libro |
| Publicado: |
Buenos Aires :
Eudeba,
1968
|
| Materias: | |
| Etiquetas: |
Agregar Etiqueta
Sin Etiquetas, Sea el primero en etiquetar este registro!
|
| LEADER | 00479nam a22001455a 4500 | ||
|---|---|---|---|
| 001 | EHU.bham012713 | ||
| 003 | AR-BHAM | ||
| 005 | 20100224144224.0 | ||
| 008 | 130507s1968##################000#0#####d | ||
| 082 | 9 | 2 | |a 923 |
| 100 | 1 | |a La Madrid, Gregorio Araoz De | |
| 245 | 1 | 0 | |a Memorias del general gregorio araoz de la madrid. tomo 1 / |c Gregorio Araoz De La Madrid |
| 260 | |a Buenos Aires : |b Eudeba, |c 1968 | ||
| 653 | |a Biografias | ||
| 859 | |a AR-BHAM |b BIB. HUMANIDADES - General |h 923 |i L16 |p 343.74 |t Ej.1 |v I |3 I | ||
